000 00914cab a2200181 4500
001 ##L136287
008 070123n2006 000 0 eng u
035 _a(Sirsi) u136287
041 0 _aeng
100 1 _aWilson, Sarah
245 0 0 _aLimiting liability
260 _c2006
490 0 _aJournal of Building Appraisal
_v2(3) September 2006, 183-187(5)
520 _aThis paper gives an outline of the new regime of Limited Liability Partnerships (LLP) in the context of the construction industry, to demonstrate factors to be taken into account when deciding which business vehicle is best suited to them, whether a partnership, an LLP or a limited company. It focuses on introducing LLPs and the liability that comes with them as well as the consequences to those contracting with them. [Taken from journal abstract].
651 4 _aUnited Kingdom
_y
690 _aMANAGEMENT-BUSINESS MANAGEMENT
942 _n0
999 _c78232
_d78232